II Congreso de Cooperación Intelectual /

Memoria del segundo congreso de Cooperación Intelectual llevado a cabo en España. Aquí se describe la organización del congreso, los participantes y las conclusiones a las que se llegaron respecto a la literatura española, la lingüística y el idioma español en otras latitudes de habla española.

Guardat en:
Dades bibliogràfiques
Autor corporatiu: Congreso de Cooperación Intelectual ( Santander, España)
Format: Actes de congresos Llibre
Idioma:espanyol
Matèries:
Etiquetes: Afegir etiqueta
Sense etiquetes, Sigues el primer a etiquetar aquest registre!

MARC

LEADER 00000nam^a2200000^a^4500
001 000156817
005 20250521000000.0
009 20260310100518.231
037 |a Acervo ITESO - Biblioteca 
041 |a ESP 
082 |a 860. 9  |b CON 1956 
111 |a Congreso de Cooperación Intelectual (  |n 2o :  |d 1956 :  |c Santander, España) 
245 1 0 |a II Congreso de Cooperación Intelectual /  |c Congreso de Cooperación Intelectual 
264 |a Santander, España:  |b Oficina de Cooperación Intelectual,  |c 1956 
300 |a 118 p. 
336 |a texto  |b txt  |2 rdacontenido 
337 |a sin mediación  |b n  |2 rdamedio 
338 |a volumen  |b nc  |2 rdasoporte 
520 |a Memoria del segundo congreso de Cooperación Intelectual llevado a cabo en España. Aquí se describe la organización del congreso, los participantes y las conclusiones a las que se llegaron respecto a la literatura española, la lingüística y el idioma español en otras latitudes de habla española. 
649 |a XX 
650 |a Literatura Española -  |x Congresos 
650 |a Literatura Latinoamericana -  |x Congresos 
650 |a Lingüística -  |x Congresos 
650 |a Español -  |x Congresos 
650 |a Congresos y Convenciones -  |z España -  |x Historia -  |y 1950-1959 
650 |a Congresos y Convenciones -  |x Informes 
650 |a Congresos y Convenciones (Organización) 
910 |a Fondo Salvador Reynoso Reynoso 
920 |a Impresos - Libros 
930 |a Fondos Especiales 
940 |a Literatura 
905 |a 112 
901 |a 0800016250  |b IT2  |c ESP  |u 20250521 
902 |a https://opac.biblio.iteso.mx/vufind/Record/000156817